| 000 | 01081nam0a2200265 4500 | ||
|---|---|---|---|
| 001 | RU\NLR\ONL1\12806 | ||
| 005 | 20260406141654.0 | ||
| 035 | _a(NLR Aleph) 009641550 | ||
| 090 |
_a9548140 _c9548140 |
||
| 100 | _a20071126d1933 |||y0rusy50 ca | ||
| 101 | 0 | _amyv | |
| 102 | _aRU | ||
| 105 | _ay ||||||||| | ||
| 200 | 1 |
_aНациональной вопроссонть партиянть маласо шкань задачадонзо _fИ. В. Сталин _g[пер. С. Салдина _gпод ред. С. Зуева] |
|
| 210 |
_aМ. _cПартиздат _d1933 |
||
| 215 |
_a38,[2] с. _d21 |
||
| 541 | 1 |
_aОб очередных задачах партии в национальном вопросе _zrus |
|
| 606 | 0 |
_aНациональный вопрос _91432282 _3RU\NLR\auth\66294376 |
|
| 700 | 1 |
_8rus _7ca _aСталин _bИ. В. _f1879-1953 _gИосиф Виссарионович _3RU\NLR\auth\773464 _9113460 |
|
| 801 | 0 |
_aRU _bNLR _c20071126 _gPSBO |
|
| 852 |
_aNLR _bОНЛ _jМорд.Э./3-589 |
||
| 942 | _cBOOK | ||
| 980 | _aNB | ||